LEADER 01391naa a2200241 u 4500 001 000000094294 003 CaOOAMICUS 005 20070226130137.0 008 010830s1995 fr u000 u eng u 035 $a10900666 040 $aPUL(R)$bita 100 1 $aWalls, M. P.$0(OLS)http://pul/name/60636 245 14$aThe Chemical Weapons Convention and commercial interest :$bconflict or co-operation /$cM.P. Walls. 260 $a[S. l. :$bs. n.],$c1995. 300 $aP. [479-487] 504 $aBibliografia in nota. 611 24$aChemical Weapons Convention$d(1993).$0(OLS)http://pul/subject/30116 650 4$aDiritto commerciale internazionale.$0(OLS)http://pul/subject/25158 650 4$aDisarmo.$0(OLS)http://pul/subject/18878 773 0 $aAcadémie de droit international.$tColloque = Workshop$g1994 773 0 $aAcadémie de droit international.$tLa Convention sur l'interdiction et l'élimination des armes chimiques : une percée dans l'enterprise multilatérale du désarmement : Colloque, La Haye, 24-26 novembre 1994 = The convention of the prohibition and eliminations of chemical weapons : a breakthrough in multilateral disarmament : Workshop, The Hague, 24-26 november 1994$w()61055 996 $6245$aThe Chemical Weapons Convention and commercial interest :$bconflict or co-operation$9(OLS)http://pul/title/121157 996 $6260$a[S. l. :$bs. n.]$9(OLS)http://pul/publisher/47882 LEADER 01172nam a2200301 u 4500 001 000000081659 003 CaOOAMICUS 005 20070226123759.0 008 050330s1941 it u000 u ita u 035 $a11036219 040 $aPUL(R)$bita 041 1 $aita$hlat 100 1 $aGiordani, Igino,$d1894-1980.$0(OLS)http://pul/name/3785 240 10$aChristus patiens.$lItaliano.$0(OLS)http://pul/title/106765 245 10$aChristus patiens /$cIginio Giordani. 260 $aBrescia :$bMorcelliana,$cc1941. 300 $a174 p. ;$c20 cm 504 $aBibliografia in nota. 600 04$aIesus Christus.$0(OLS)http://pul/subject/207 850 $aPUL 852 $aPUL$W1$xDP1 Fondo Cecchetti$y53$m260 Q 64$j104128$nBK-PRI$b $qFondi$B104128$CPULBib$Z2$F104128 $82 852 $aPUL$W1$xDP1 Fondo Cecchetti$y53$m266 F 29$j104129$nBK-PRI$b $qFondi$B104129$CPULBib$Z2$F104129 $HPUL1662 $81 941 1 $a1 960 $aCristologia$9207 960 $aCristologia$9207 960 $aGesù Cristo$9207 996 $6245$aChristus patiens$9(OLS)http://pul/title/106766 996 $6260$aBrescia :$bMorcelliana$9(OLS)http://pul/publisher/47854